000 00652nam a2200229 i 4500
001 C2-0232650
003 PPAK
005 20180728085835.0
008 010131s1987 my |||| ||||| | may d
040 _aPPAK
_beng
_cPPAK
_erda
082 0 4 _a378.595
_223
090 0 0 _a378.595
_bBUK
_dKIH
090 0 0 _a378.595
_bBUK
_dKSA
245 0 0 _aBuku panduan Pusat Asasi Sains :
_bUniversiti Malaya tahun Akademik 1979/80
264 1 _aKuala Lumpur :
_bUniversiti Malaya ,
_c1987
300 _a67 pages ;
_c19 cm
336 _2rdacontent
_atext
337 _2rdamedia
_aunmediated
338 _2rdacarrier
_avolume
650 1 0 _aEdication
942 _ddc
_cB
999 _c151796
_d151796